000 00726nam a2200289Ia 4500
005 20260324113015.0
008 008 260324s9999 xx 000 0 eng d
020 _a9781003439684
037 _aEBOOK
040 _aCRL
040 _beng
040 _cCRL
041 _2eng
041 _aeng
084 _qCRL
100 _aRityuj Singh Parihar; Naveen Jain
_91145045
245 0 _aGreen Manufacturing for Industry 4.0
245 0 _bBuilding a Sustainable Future with Smart Technology
260 _bTaylor and Francis
260 _c2024
365 _a
365 _b265
856 _uhttp://www.taylorfrancis.com/books/9781003439684
942 _cEBOOK
999 _c1734462
_d1734462